[Event "Bad Pyrmont Pape op-A 2nd"]
[Site "Bad Pyrmont"]
[Date "2023.08.12"]
[Round "5"]
[White "Brunotte, Peter"]
[Black "Moerke, Niklas"]
[Result "1/2-1/2"]
[WhiteElo "2019"]
[BlackElo "1758"]
[PlyCount "69"]
[EventDate "2023.08.10"]
[EventType "swiss"]
[EventRounds "7"]
[EventCountry "GER"]
[SourceTitle "EXT 2024"]
[Source "ChessBase"]
[SourceDate "2023.10.10"]
[SourceVersion "1"]
[SourceVersionDate "2023.10.10"]
[SourceQuality "1"]

1. e4 e5 2. Nf3 Nc6 3. Bb5 Nf6 4. Nc3 Bc5 5. 0-0 d6 6. d4 exd4 7. Nxd4 Bxd4 8. Qxd4 Bd7 9. Bxc6 Bxc6 10. Bg5 h6 11. Bxf6 Qxf6 12. Qxf6 gxf6 13. Nd5 Bxd5 14. exd5 Kd7 15. Rfe1 Rae8 16. f4 f5 17. Kf2 Re4 18. Rxe4 fxe4 19. g4 c6 20. Rd1 cxd5 21. Rxd5 Ke6 22. c4 Rc8 23. b3 Rc5 24. f5+ Kf6 25. Rxc5 dxc5 26. Ke3 Ke5 27. a3 b6 28. a4 f6 29. a5 bxa5 30. h3 a6 31. h4 a4 32. bxa4 a5 33. h5 Kd6 34. Kxe4 Kc6 35. Kf4 1/2-1/2

[Event "Oberliga Nord W 1718"]
[Site "Germany"]
[Date "2017.10.08"]
[Round "1.8"]
[White "Brunotte, Peter"]
[Black "Witthaus, Joerg"]
[Result "1/2-1/2"]
[WhiteElo "2009"]
[BlackElo "2011"]
[PlyCount "68"]
[EventDate "2017.10.08"]
[EventType "team-tourn"]
[EventRounds "9"]
[EventCountry "GER"]
[SourceTitle "EXT 2019"]
[Source "ChessBase"]
[SourceDate "2018.10.10"]
[SourceVersion "1"]
[SourceVersionDate "2018.10.10"]
[SourceQuality "1"]
[WhiteTeam "Hameln"]
[BlackTeam "Hannover"]
[WhiteTeamCountry "GER"]
[BlackTeamCountry "GER"]

1. e4 e6 2. d4 d5 3. exd5 exd5 4. Bd3 Nc6 5. Ne2 Bd6 6. c3 Nge7 7. Bf4 Bf5 8. Qc2 Bxd3 9. Qxd3 0-0 10. Bxd6 Qxd6 11. Nd2 Rfe8 12. 0-0 Ng6 13. Rfe1 b6 14. Qg3 Qxg3 15. hxg3 Rad8 16. Kf1 f6 17. Nf4 Nxf4 18. gxf4 Kf7 19. Rxe8 Rxe8 20. Re1 Rxe1+ 21. Kxe1 h5 22. Ke2 Ne7 23. Nf3 Ke6 24. g3 Kf5 25. Nh2 g5 26. fxg5 fxg5 27. f3 c5 28. g4+ hxg4 29. Nxg4 Kf4 30. dxc5 bxc5 31. Nf2 Ke5 32. Nd3+ Kd6 33. Nf2 Ke5 34. Nd3+ Kd6 1/2-1/2

[Event "GER-ch North Seniors 48th"]
[Site "Sottrum"]
[Date "2014.05.31"]
[Round "6"]
[White "Brunotte, Peter"]
[Black "Kuenitz, Bernhard"]
[Result "1/2-1/2"]
[WhiteElo "2000"]
[BlackElo "1917"]
[PlyCount "66"]
[EventDate "2014.05.26"]
[EventType "swiss"]
[EventRounds "7"]
[EventCountry "GER"]
[SourceTitle "EXT 2018"]
[Source "ChessBase"]
[SourceDate "2017.10.13"]
[SourceVersion "1"]
[SourceVersionDate "2017.10.13"]
[SourceQuality "1"]

1. e4 d6 2. d3 e5 3. f4 Nc6 4. Nc3 Nf6 5. Nf3 Bd7 6. Be2 Nd4 7. 0-0 Nxf3+ 8. Bxf3 c6 9. Qe1 Be7 10. Kh1 h5 11. b4 Ng4 12. f5 Bg5 13. Nd1 Bxc1 14. Rxc1 Qg5 15. Rb1 g6 16. h4 Qd8 17. Bxg4 hxg4 18. f6 Be6 19. c4 Kd7 20. Ne3 Rh6 21. Kg1 Qc7 22. g3 g5 23. Ng2 gxh4 24. Nxh4 Qb6+ 25. Qf2 Rxf6 26. Qxb6 Rxf1+ 27. Kxf1 axb6 28. Rb2 Ra3 29. Ke2 Kc7 30. Ng2 f5 31. exf5 Bxf5 32. Rd2 Be6 33. Ne3 Ra8 1/2-1/2

[Event "GER-ch North Seniors 48th"]
[Site "Sottrum"]
[Date "2014.05.28"]
[Round "4"]
[White "Brunotte, Peter"]
[Black "Meyer, Irmin"]
[Result "1/2-1/2"]
[WhiteElo "2000"]
[BlackElo "1979"]
[PlyCount "40"]
[EventDate "2014.05.26"]
[EventType "swiss"]
[EventRounds "7"]
[EventCountry "GER"]
[SourceTitle "EXT 2018"]
[Source "ChessBase"]
[SourceDate "2017.10.13"]
[SourceVersion "1"]
[SourceVersionDate "2017.10.13"]
[SourceQuality "1"]

1. e4 c6 2. d3 d5 3. Nd2 g6 4. Ngf3 Bg7 5. g3 dxe4 6. dxe4 b6 7. Bc4 Nf6 8. 0-0 0-0 9. c3 Bg4 10. Re1 Nbd7 11. Qc2 Qc7 12. Kg2 b5 13. Bf1 Nc5 14. h3 Bd7 15. Nd4 e5 16. N4f3 Rfe8 17. b4 Ne6 18. a4 a6 19. axb5 axb5 20. Rxa8 Rxa8 1/2-1/2

[Event "Niedersachsen-ch op"]
[Site "Verden"]
[Date "2011.01.04"]
[Round "5"]
[White "Reinkemeier, Fabian"]
[Black "Brunotte, Peter"]
[Result "0-1"]
[WhiteElo "1707"]
[BlackElo "1991"]
[PlyCount "79"]
[EventDate "2011.01.02"]
[EventType "swiss"]
[EventRounds "7"]
[EventCountry "GER"]
[SourceTitle "EXT 2018"]
[Source "ChessBase"]
[SourceDate "2017.10.13"]
[SourceVersion "1"]
[SourceVersionDate "2017.10.13"]
[SourceQuality "1"]

1. e4 c6 2. d4 g6 3. f4 d5 4. e5 h5 5. Nf3 Bg4 6. Be2 Bxf3 7. Bxf3 e6 8. Nd2 c5 9. c3 cxd4 10. cxd4 Nc6 11. Nb3 Bb4+ 12. Bd2 Qb6 13. Bxb4 Qxb4+ 14. Qd2 Nge7 15. Qxb4 Nxb4 16. Kd2 Nf5 17. Be2 Rc8 18. Bd3 Nxd3 19. Kxd3 Rc4 20. a4 Rb4 21. Ra3 Kd7 22. Rc1 Rc8 23. Rxc8 Kxc8 24. a5 Kc7 25. g3 Kc6 26. Kc3 Kb5 27. Kc2 Nxd4+ 28. Nxd4+ Rxd4 29. Rb3+ Rb4 30. Ra3 Ra4 31. Rb3+ Kc6 32. Rc3+ Rc4 33. Rxc4+ dxc4 34. Kc3 Kc5 35. h3 b5 36. axb6 axb6 37. g4 hxg4 38. hxg4 b5 39. g5 b4+ 40. Kc2 0-1

[Event "Niedersachsen-ch op"]
[Site "Verden"]
[Date "2011.01.02"]
[Round "2"]
[White "Brunotte, Peter"]
[Black "Kluin, Benjamin"]
[Result "1/2-1/2"]
[WhiteElo "1991"]
[BlackElo "1798"]
[PlyCount "108"]
[EventDate "2011.01.02"]
[EventType "swiss"]
[EventRounds "7"]
[EventCountry "GER"]
[SourceTitle "EXT 2018"]
[Source "ChessBase"]
[SourceDate "2017.10.13"]
[SourceVersion "1"]
[SourceVersionDate "2017.10.13"]
[SourceQuality "1"]

1. e4 e5 2. Nf3 Nc6 3. Bb5 a6 4. Ba4 Nf6 5. 0-0 b5 6. Bb3 Be7 7. Re1 0-0 8. a4 Rb8 9. axb5 axb5 10. Nc3 d6 11. h3 Re8 12. Qe2 Nd4 13. Nxd4 exd4 14. Nd5 c5 15. Nxe7+ Qxe7 16. d3 Be6 17. Bxe6 Qxe6 18. Bf4 Rb6 19. Qd2 b4 20. b3 Nd7 21. Kf1 h6 22. Ra7 Ne5 23. Rea1 Re7 24. Rxe7 Qxe7 25. Ra8+ Kh7 26. Qc1 Rb7 27. Qa1 Qf6 28. Bg3 Re7 29. Ra6 h5 30. Qd1 g6 31. Kg1 h4 32. Bh2 Re6 33. f4 Nd7 34. Qg4 Nb8 35. Ra1 d5 36. e5 Qe7 37. f5 gxf5 38. Qxf5+ Kg7 39. Rf1 Nd7 40. Qg4+ Rg6 41. Qf3 Qe6 42. Qf5 Qxf5 43. Rxf5 Ra6 44. Rf1 Ra2 45. Rc1 Kg6 46. g4 Nf8 47. Bf4 Ne6 48. Bd2 Nc7 49. Kf2 Nb5 50. Ke1 Na3 51. Kd1 Nb5 52. Ke2 Na3 53. Kd1 Nb5 54. Ke2 Na3 1/2-1/2

[Event "Niedersachsen-ch Seniors 44th"]
[Site "Cadenberge"]
[Date "2010.04.21"]
[Round "9"]
[White "Gudat, Alfons"]
[Black "Brunotte, Peter"]
[Result "1/2-1/2"]
[WhiteElo "1874"]
[BlackElo "1995"]
[PlyCount "89"]
[EventDate "2010.04.13"]
[EventType "swiss"]
[EventRounds "9"]
[EventCountry "GER"]
[SourceTitle "EXT 2019"]
[Source "ChessBase"]
[SourceDate "2018.10.10"]
[SourceVersion "1"]
[SourceVersionDate "2018.10.10"]
[SourceQuality "1"]

1. e4 e5 2. Nf3 Nf6 3. d4 Nxe4 4. Bd3 d5 5. Nxe5 Bd6 6. 0-0 0-0 7. c4 Bxe5 8. dxe5 Nc6 9. cxd5 Qxd5 10. Qf3 f5 11. exf6 Nxf6 12. Qxd5+ Nxd5 13. Bc4 Be6 14. Nc3 Nf4 15. Bxe6+ Nxe6 16. Be3 Ncd4 17. Rac1 c5 18. Rfe1 Rfe8 19. Kf1 b6 20. f3 Rad8 21. Ne4 a5 22. Red1 Nf5 23. Bf2 Rxd1+ 24. Rxd1 Rd8 25. Rxd8+ Nxd8 26. Ke2 Kf8 27. Kd3 Ke8 28. g4 Ne7 29. Kc4 Kd7 30. Kb5 Nd5 31. Bxc5 bxc5 32. Nxc5+ Kd6 33. Nb3 Nb4 34. Nc1 Ndc6 35. a3 Nc2 36. Nb3 N2d4+ 37. Nxd4 Nxd4+ 38. Kxa5 Nxf3 39. Kb6 Ne5 40. b3 Nxg4 41. a4 Nf6 42. a5 Nd7+ 43. Kb7 Nc5+ 44. Kb6 Nd7+ 45. Kb7 1/2-1/2

[Event "Niedersachsen-ch Seniors 44th"]
[Site "Cadenberge"]
[Date "2010.04.16"]
[Round "4"]
[White "Brunotte, Peter"]
[Black "Hilburt, Leonid"]
[Result "1-0"]
[WhiteElo "1995"]
[BlackElo "1954"]
[PlyCount "59"]
[EventDate "2010.04.13"]
[EventType "swiss"]
[EventRounds "9"]
[EventCountry "GER"]
[SourceTitle "EXT 2019"]
[Source "ChessBase"]
[SourceDate "2018.10.10"]
[SourceVersion "1"]
[SourceVersionDate "2018.10.10"]
[SourceQuality "1"]

1. e4 e5 2. Nf3 Nc6 3. Bb5 a6 4. Ba4 Nf6 5. 0-0 Be7 6. Re1 b5 7. Bb3 d6 8. c3 0-0 9. h3 Na5 10. Bc2 c5 11. d4 Nc6 12. Be3 Re8 13. Nbd2 Bf8 14. Bg5 g6 15. d5 Nb8 16. a4 Bb7 17. axb5 axb5 18. Rxa8 Bxa8 19. c4 h6 20. Bxf6 Qxf6 21. cxb5 Nd7 22. Nc4 Rb8 23. Qa1 Qd8 24. Qa6 Qc8 25. Qxc8 Rxc8 26. Ra1 f5 27. Nfd2 fxe4 28. Bxe4 Nf6 29. Nb6 Nxe4 30. Nxe4 1-0

[Event "Niedersachsen-ch Seniors 44th"]
[Site "Cadenberge"]
[Date "2010.04.15"]
[Round "3"]
[White "Jentsch, Dieter"]
[Black "Brunotte, Peter"]
[Result "1/2-1/2"]
[WhiteElo "2024"]
[BlackElo "1995"]
[PlyCount "32"]
[EventDate "2010.04.13"]
[EventType "swiss"]
[EventRounds "9"]
[EventCountry "GER"]
[SourceTitle "EXT 2019"]
[Source "ChessBase"]
[SourceDate "2018.10.10"]
[SourceVersion "1"]
[SourceVersionDate "2018.10.10"]
[SourceQuality "1"]

1. e4 c6 2. Nf3 g6 3. d4 Bg7 4. Bd3 d6 5. c3 e5 6. Nbd2 Qc7 7. dxe5 dxe5 8. 0-0 Ne7 9. Bc4 h6 10. a4 0-0 11. Re1 Nd7 12. Qc2 Nc5 13. Nb3 Ne6 14. g3 b6 15. h4 Nd8 16. a5 b5 1/2-1/2

[Event "Niedersachsen-ch open"]
[Site "Verden"]
[Date "2010.01.06"]
[Round "7.14"]
[White "Pfemeter, Felix"]
[Black "Brunotte, Peter"]
[Result "1/2-1/2"]
[WhiteElo "1866"]
[BlackElo "1991"]
[PlyCount "66"]
[EventDate "2010.01.03"]
[EventType "swiss"]
[EventRounds "7"]
[EventCountry "GER"]
[SourceTitle "EXT 2012"]
[Source "ChessBase"]
[SourceDate "2011.11.24"]
[SourceVersion "1"]
[SourceVersionDate "2011.11.24"]
[SourceQuality "1"]

1. e4 e5 2. Nf3 Nf6 3. Nc3 Nc6 4. d4 exd4 5. Nxd4 Bc5 6. Be3 Bxd4 7. Bxd4 d6 8. Be2 0-0 9. Be3 Re8 10. f3 Be6 11. g4 d5 12. g5 d4 13. gxf6 Qxf6 14. Qd2 dxc3 15. Qxc3 Qxc3+ 16. bxc3 Ne5 17. Bd4 Nd7 18. Rg1 f6 19. Rb1 b6 20. Bb5 Kf8 21. Kf2 Re7 22. a3 Ne5 23. Bxe5 fxe5 24. Rg5 Rd8 25. Ke2 h6 26. Rgg1 a6 27. Ba4 b5 28. Bb3 Bxb3 29. cxb3 Red7 30. Rbd1 Rxd1 31. Rxd1 Rxd1 32. Kxd1 Ke7 33. Ke2 g5 1/2-1/2

[Event "Niedersachsen-ch op"]
[Site "Verden"]
[Date "2009.01.03"]
[Round "1"]
[White "Brunotte, Peter"]
[Black "Kickert, Germaine Helene"]
[Result "1-0"]
[WhiteElo "1972"]
[BlackElo "1921"]
[PlyCount "51"]
[EventDate "2009.01.03"]
[EventType "swiss"]
[EventRounds "7"]
[EventCountry "GER"]
[SourceTitle "EXT 2012"]
[Source "ChessBase"]
[SourceDate "2011.11.24"]
[SourceVersion "1"]
[SourceVersionDate "2011.11.24"]
[SourceQuality "1"]

1. e4 c5 2. Nc3 Nc6 3. d3 g6 4. g3 Bg7 5. Bg2 e6 6. Be3 d6 7. Nf3 Nd4 8. 0-0 Ne7 9. Qd2 0-0 10. Bh6 Rb8 11. Bxg7 Kxg7 12. Nxd4 cxd4 13. Ne2 Qb6 14. a4 Bd7 15. a5 Qb5 16. c4 dxc3 17. Nxc3 Qb4 18. d4 f5 19. Rfd1 Bc6 20. d5 exd5 21. exd5 Bd7 22. Qe3 Rfe8 23. Qxa7 Qxb2 24. Qd4+ Kg8 25. Rdb1 Qc2 26. Ra2 1-0